00710nam a22002057a 4500003000400000008004100004082001600045100001800061245014800079260006900227300001000296502001700306650001700323650001100340650001100351650001100362942001100373999001700384952010300401OSt260502b |||||||| |||| 00| 0 eng d a634.6bK98E aKumar, Rajan. aEffect of Pre and Post Harvest Applications of Certain Chemicals on Shelf Life of Litchi (Litchi Chinensis Sonn.) var. China / cby Rajan Kumar a.- Sabour, Bhagalpurb: Bihar Agricultural College, RAU c, 2005 a105p. bPh. D.d2005 aHorticulture aLitchi aThesis aPh. D. 2ddccT c50362d50362 00102ddc4070aRAUbRAUd2026-05-02g0.00l0o634.6 K98Ep53696r2026-05-02w2026-05-02yTkGift